<?xml version="1.0" encoding="UTF-8"?>
<record
    xmlns:xsi="http://www.w3.org/2001/XMLSchema-instance"
    xsi:schemaLocation="http://www.loc.gov/MARC21/slim http://www.loc.gov/standards/marcxml/schema/MARC21slim.xsd"
    xmlns="http://www.loc.gov/MARC21/slim">

  <leader>00849nam a22002051  4500</leader>
  <controlfield tag="001">gs 05000198 </controlfield>
  <controlfield tag="003">DLC</controlfield>
  <controlfield tag="005">20260227111300.0</controlfield>
  <controlfield tag="008">900308s1888    gw ab         100 0 fre c</controlfield>
  <datafield tag="010" ind1=" " ind2=" ">
    <subfield code="a">gs 05000198 </subfield>
  </datafield>
  <datafield tag="040" ind1=" " ind2=" ">
    <subfield code="a">U.S. Geol. Survey Libr./ICU</subfield>
    <subfield code="c">ICU</subfield>
  </datafield>
  <datafield tag="050" ind1="0" ind2="0">
    <subfield code="a">QE1</subfield>
    <subfield code="b">.I6 1885</subfield>
  </datafield>
  <datafield tag="111" ind1="2" ind2=" ">
    <subfield code="a">International Geological Congress</subfield>
    <subfield code="n">(3rd :</subfield>
    <subfield code="d">1885 :</subfield>
    <subfield code="c">Berlin, Germany)</subfield>
  </datafield>
  <datafield tag="245" ind1="1" ind2="0">
    <subfield code="a">Compte rendu de la 3me session, Berlin, 1885.</subfield>
  </datafield>
  <datafield tag="260" ind1=" " ind2=" ">
    <subfield code="a">Berlin,</subfield>
    <subfield code="b">A.W. Schade's buchdruckerei (L. Schade)</subfield>
    <subfield code="c">1888.</subfield>
  </datafield>
  <datafield tag="300" ind1=" " ind2=" ">
    <subfield code="a">xi p., 1 l., [v]-cxli p., 1 l., 546 p.</subfield>
    <subfield code="b">illus., 2 fold. maps, fold. tab.</subfield>
    <subfield code="c">26 cm.</subfield>
  </datafield>
  <datafield tag="500" ind1=" " ind2=" ">
    <subfield code="a">At head of title: Congr&#xE8;s g&#xE9;ologique international.</subfield>
  </datafield>
  <datafield tag="505" ind1="0" ind2=" ">
    <subfield code="a">1. ptie. Historique du congr&#xE8;s.--2. ptie. Travaux du congr&#xE8;s.--3. ptie. Communications scientifiques.--4. ptie. Documents.</subfield>
  </datafield>
  <datafield tag="650" ind1=" " ind2="0">
    <subfield code="a">Geology</subfield>
    <subfield code="x">Congresses.</subfield>
  </datafield>
  <datafield tag="999" ind1=" " ind2=" ">
    <subfield code="c">24162</subfield>
    <subfield code="d">24162</subfield>
  </datafield>
</record>
